World class supply management : (Record no. 4241)
[ view plain ]
| 000 -LEADER | |
|---|---|
| fixed length control field | 01297nac a22002891u 4500 |
| 010 ## - LIBRARY OF CONGRESS CONTROL NUMBER | |
| LC control number | 2002021920 |
| 020 ## - INTERNATIONAL STANDARD BOOK NUMBER | |
| International Standard Book Number | 0072290706 (alk. paper) |
| 020 ## - INTERNATIONAL STANDARD BOOK NUMBER | |
| International Standard Book Number | 0071123105 (international : alk. paper) |
| 082 00 - DEWEY DECIMAL CLASSIFICATION NUMBER | |
| Classification number | 658.7 |
| Item number | B9731 |
| 090 ## - LOCALLY ASSIGNED LC-TYPE CALL NUMBER (OCLC); LOCAL CALL NUMBER (OCLC) | |
| -- | 4241 |
| -- | 4241 |
| 100 ## - MAIN ENTRY--PERSONAL NAME | |
| Personal name | Burt, David N. |
| 245 10 - TITLE STATEMENT | |
| Title | World class supply management : |
| Remainder of title | the key to supply chain management / |
| Statement of responsibility, etc | David N. Burt, Donald W. Dobler, Stephen L. Starling. |
| 250 ## - EDITION STATEMENT | |
| Edition statement | 7th ed. |
| Remainder of edition statement | International ed. |
| 260 ## - PUBLICATION, DISTRIBUTION, ETC. (IMPRINT) | |
| Place of publication, distribution, etc | Boston : |
| Name of publisher, distributor, etc | McGraw-Hill/Irwin,c2003. |
| Date of publication, distribution, etc | c2003. |
| 300 ## - PHYSICAL DESCRIPTION | |
| Extent | xlvi, 689 p. : |
| Other physical details | ill. ; |
| Dimensions | 24 cm. + |
| Accompanying material | 1 CD-ROM (4 3/4 in.) |
| 500 ## - GENERAL NOTE | |
| General note | Rev. ed. of: Purchasing and supply management / Donald W. Dobler. |
| 500 ## - GENERAL NOTE | |
| General note | International Edition. |
| 504 ## - BIBLIOGRAPHY, ETC. NOTE | |
| Bibliography, etc | Includes bibliographical references and indexes. |
| 650 #0 - SUBJECT ADDED ENTRY--TOPICAL TERM | |
| Topical term or geographic name as entry element | Industrial procurement. |
| 650 #0 - SUBJECT ADDED ENTRY--TOPICAL TERM | |
| Topical term or geographic name as entry element | Purchasing. |
| 650 #0 - SUBJECT ADDED ENTRY--TOPICAL TERM | |
| Topical term or geographic name as entry element | Materials management. |
| 700 1# - ADDED ENTRY--PERSONAL NAME | |
| Personal name | Dobler, Donald W. |
| 700 1# - ADDED ENTRY--PERSONAL NAME | |
| Personal name | Starling, Stephen L. |
| 942 ## - ADDED ENTRY ELEMENTS (KOHA) | |
| Item type | Book - Borrowing |
| Call number prefix | 658.7B9731 |
| Withdrawn status | Item status | Damaged status | Not for loan | Home library | Current library | Shelving location | Date acquired | Source of acquisition | Total Checkouts | Total Renewals | Full call number | Barcode | Date last seen | Date last borrowed | Koha item type |
|---|---|---|---|---|---|---|---|---|---|---|---|---|---|---|---|
| Central Library | Central Library | First floor | 02/09/2007 | Purchase | 1 | 1 | 658.7 BUR | 000005207 | 15/07/2025 | 21/12/2009 | Book - Borrowing | ||||
| Central Library | Central Library | First floor | 07/09/2011 | Purchase | 1 | 658.7 BUR | 000005728 | 15/07/2025 | 10/06/2010 | Book - Borrowing |